000 00632nam a22002177a 4500
005 20230424145602.0
008 230424b ||||| |||| 00| 0 eng d
040 _cAL
041 _aEnglish
082 _223
_a321.80954
_bAPPC
100 _aParvathy Appaiah
_992120
245 _aConstitution of India
260 _aMangalore
_bJai Bharath Prakashana
_c2023
300 _aviii,168 p.
_bPB
_c21x14 cm.
365 _a549
_b₹140.00
_c
_d₹175.00
650 _aAbility Enhancement Compulsory Course
_992095
650 _aNEP
_992121
650 _aGovernance
_992097
700 _aAPPAIAH (Parvathy)
_992098
942 _2ddc
_cBK
999 _c227262
_d227262